Southville International School and Colleges
Your cart is empty.
  • Cart
  • Lists
    Public lists Eva Luna New books Lux_list list_1
    Your lists Log in to create your own lists
  • Log in to your account
  • Your cookies
  • Search history
Southville International School and Colleges
  • Advanced search
  • Recent comments
  • Most popular
  • Libraries

Log in to your account

Log in with GOOGLE


If you do not have an external account, but do have a local account, you can still log in:

  1. Home
  2. MARC view: The assault on reason /
Normal view MARC view ISBD view

The assault on reason / (Record no. 344814)

[ view plain ]
MARC details
000 -LEADER
fixed length control field 00783nam a2200313Ia 4500
008 - FIXED-LENGTH DATA ELEMENTS--GENERAL INFORMATION
fixed length control field 171025s9999 xx 000 0 und d
020 ## - INTERNATIONAL STANDARD BOOK NUMBER
International Standard Book Number 9780143113621
050 ## - LIBRARY OF CONGRESS CALL NUMBER
Classification number 973.93
050 ## - LIBRARY OF CONGRESS CALL NUMBER
Item number G666 2007
100 ## - MAIN ENTRY--PERSONAL NAME
Personal name Gore, Al
245 #4 - TITLE STATEMENT
Title The assault on reason /
245 ## - TITLE STATEMENT
Statement of responsibility, etc by Al Gore.
260 ## - PUBLICATION, DISTRIBUTION, ETC. (IMPRINT)
Place of publication, distribution, etc London :
260 ## - PUBLICATION, DISTRIBUTION, ETC. (IMPRINT)
Name of publisher, distributor, etc Penguin Books,
260 ## - PUBLICATION, DISTRIBUTION, ETC. (IMPRINT)
Date of publication, distribution, etc 2007
300 ## - PHYSICAL DESCRIPTION
Extent 308 pages :
300 ## - PHYSICAL DESCRIPTION
Other physical details illustrations ;
300 ## - PHYSICAL DESCRIPTION
Dimensions 21cm.
500 ## - GENERAL NOTE
General note Includes notes and index.
650 ## - SUBJECT ADDED ENTRY--TOPICAL TERM
Topical term or geographic name as entry element Democracy --
650 ## - SUBJECT ADDED ENTRY--TOPICAL TERM
Topical term or geographic name as entry element Political culture --
650 ## - SUBJECT ADDED ENTRY--TOPICAL TERM
Topical term or geographic name as entry element Reason --
650 ## - SUBJECT ADDED ENTRY--TOPICAL TERM
Topical term or geographic name as entry element United States --
650 ## - SUBJECT ADDED ENTRY--TOPICAL TERM
General subdivision Politics and government.
650 ## - SUBJECT ADDED ENTRY--TOPICAL TERM
General subdivision Social aspects -- United States.
650 ## - SUBJECT ADDED ENTRY--TOPICAL TERM
General subdivision United States.
650 ## - SUBJECT ADDED ENTRY--TOPICAL TERM
General subdivision United States.
700 ## - ADDED ENTRY--PERSONAL NAME
Personal name Title.
Holdings
Withdrawn status Lost status Damaged status Home library Current library Date acquired Total Checkouts Full call number Barcode Date last seen Price effective from Koha item type
      Stonyhurst Southville International School (Malarayat) Stonyhurst Southville International School (Malarayat) 10/25/2017   SHS 973.93 G666 2007 SSISM3867 10/25/2017 10/25/2017 Books

The assault on reason /

APA

Gore A., Title, .The assault on reason. London: .

Chicago

Gore Al, Title, .The assault on reason. London: .

Harvard

Gore A., Title, .The assault on reason. London: .

MLA

Gore Al, Title, .London: . .

  • Place hold
  • Print
  • Cite
  • Add to your cart (remove)
  • Save record
    BIBTEX Dublin Core MARCXML MARC (non-Unicode/MARC-8) MARC (Unicode/UTF-8) MARC (Unicode/UTF-8, Standard) MODS (XML) RIS
  • More searches
    Search for this title in:
    Other Libraries (WorldCat) Other Databases (Google Scholar) Online Stores (Bookfinder.com) Open Library (openlibrary.org)

Exporting to Dublin Core...

SOUTHVILLE LIBRARY

Southville International School and Colleges Library

1281 Tropical Ave. Cor. Luxembourg St., BF Homes International, Las Pinas City

Tel. No. 8256374 / 252358 Loc. 117/146

Powered by Koha